header

Ellis Island (Record no. 262948)

MARC details
000 -LEADER
fixed length control field 00211nam a22000977a 4500
020 ## - INTERNATIONAL STANDARD BOOK NUMBER
ISBN 0516263749
100 ## - MAIN ENTRY--AUTHOR NAME
Personal name Patricia Ryon Quiri
245 ## - TITLE STATEMENT
Title Ellis Island
260 ## - PUBLICATION, DISTRIBUTION, ETC. (IMPRINT)
Place of publication New York
Name of publisher Scholastic
Year of publication 1998
942 ## - ADDED ENTRY ELEMENTS (KOHA)
Koha item type Long Loan Books
Holdings
Withdrawn status Lost status Collection code Home library Current library Shelving location Date acquired Accession Number Koha item type
    Fiction Rongo University Library Rongo University Library Children's Area 21/02/2024 CL2021550 Long Loan Books
    Fiction Rongo University Library Rongo University Library Children's Area 21/02/2024 CL5492021 Long Loan Books

© 2026 Rongo University
Contact us: librarian | system librarian | Rongo university